| 000 | 02601nam a2200349 i 4500 | ||
|---|---|---|---|
| 003 | OSt | ||
| 005 | 20210208114951.0 | ||
| 007 | ta | ||
| 008 | 201029m20172020ck |||jr|||| 00| j spa d | ||
| 020 | _a9789585403178 | ||
| 040 |
_aCO-BoRNBP _bspa _cCO-BoRNBP _erda |
||
| 084 | _aJC SIMA | ||
| 100 | 1 |
_aSimanca Pushaina, Estercilia _d1975- _eautor _9164558 |
|
| 245 | 1 | 0 |
_aPor los valles de la arena dorada _bcuentos _cEstercilia Simanca Pushaina ; prólogo de Miguel Rocha Vivas |
| 250 |
_aPrimera edición _bSexta reimpresión |
||
| 264 | 1 |
_aBogotá _bLoqueleo _bDistribuidora y Editora Richmond _c2017 _c2020 |
|
| 300 |
_a98 páginas _c22 cm |
||
| 336 |
_2rdacontent _atexto _btxt |
||
| 337 |
_2rdamedia _asin mediación _bn |
||
| 338 |
_2rdacarrier _avolumen _bnc |
||
| 500 | _aPor los valles de arena dorada (Cuentos) Por los valles de arena dorada recoge la producción narrativa de quince años de Estercilia Simanca Pushaina. Los cuentos aquí reunidos son de una belleza inusual que contiene la fuerza mitológica y la simbología propia de la etnia wayuu, de la región de La Guajira, lugar de origen de la autora. Simanca Pushaina parte de allí para engendrar una voz propia y auténtica. La mujer narradora de estos cuentos consigna en el poder de la palabra que va tejiendo —como Waleker, la araña que inspira el tejido de los chinchorros—, el sentir de ella misma, que es el sentir de un pueblo. La riqueza literaria de estos cuentos ancla y al mismo tiempo les da vuelo a las historias que nos hablan de las costumbres wayuu, de las relaciones entre mujeres y hombres, del hambre que azota a los niños de la región, del despojo de tierras al que han sido sometidos, de la relación de los wayuu con los arijunas (forasteros, no wayuu); de todo esto que ocurre allí, en los valles de arena dorada. Esta edición cuenta con un prólogo de Miguel Rocha Vivas, autor, fotógrafo, ganador del premio de ensayo Casa de las Américas de Cuba 2016. | ||
| 521 | _aRecomendado para un público mayor de 15 años | ||
| 545 | _aIncluye datos biográficos de la autora en solapa | ||
| 650 | 1 | 7 |
_2LEMB _aCuentos juveniles colombianos _ySiglo XX _9164559 |
| 650 | 1 | 7 |
_2LEMB _aLiteratura juvenil colombiana _ySiglo XX _910133 |
| 650 | 1 | 7 |
_2LEMB _aAutores colombianos _ySiglo XX _93714 |
| 650 | 1 | 7 |
_2LEMB _aMitología Wayuu _vCuentos _9154324 |
| 650 | 1 | 7 |
_2LEMB _aWayuu (Indígenas de Colombia) _xVida social y costumbres _vCuentos _9164560 |
| 650 | 1 | 7 |
_2LEMB _aDesiertos _zGuajira (Departamento, Colombia) _vCuentos _9153840 |
| 700 | 1 |
_aRocha Vivas, Miguel _eprologuista _959695 |
|
| 942 | _cBKLIT | ||
| 999 |
_c13041 _d13041 |
||